000 00824pam a2200265 a 4500
008
020 _a9781437724189 (hbk.)
049 _aMAIN
090 _aRK652.5
_bANU
100 _aAnusavice, Kenneth J.
245 0 0 _aPhillips' science of dental materials /
_cKenneth J. Anusavice, Chiayi Shen, H. Ralph Rawls
250 _a12th ed.
260 _aSt. Louis, Missouri :
_bElsevier Saunders,
_cc2013.
300 _axiii, 571 p. :
_bill. (some col.) ;
_c29 cm.
504 _aIncludes bibliographical references.
500 _aIncludes index.
650 0 _aDental materials.
700 _aRawls, H. Ralph.
700 1 _aChiayi, Shen
907 _a.b10363233
_b27-10-15
_c22-10-15
003
005 20230120204201.0
040 _cNUST
942 _cBOOKS
_kRK652.5
_mANU
999 _c118638
_d118638